|
|
|
|
| LEADER |
00000nam0a2200000 4500 |
| 001 |
284820 |
| 005 |
20231101235732.0 |
| 020 |
|
|
|a RU
|b 85-21766
|
| 035 |
|
|
|a (RuTPU)RU\TPU\book\309005
|
| 090 |
|
|
|a 284820
|
| 100 |
|
|
|a 20150218d1985 k y0rusy5003 ca
|
| 101 |
0 |
|
|a rus
|
| 102 |
|
|
|a BY
|
| 105 |
|
|
|a y z 001zy
|
| 200 |
1 |
|
|a Начала теории вычислительных методов. Линейная алгебра и нелинейные уравнения
|f В. И. Крылов, В. В. Бобков, П. И. Монастырный
|
| 210 |
|
|
|a Минск
|c Наука и техника
|d 1985
|
| 215 |
|
|
|a 279 с.
|
| 320 |
|
|
|a Библиогр.: с. 276
|
| 606 |
1 |
|
|a Линейная алгебра
|x Вычислительные методы
|2 stltpush
|3 (RuTPU)RU\TPU\subj\40175
|9 60040
|
| 610 |
1 |
|
|a нелинейные уравнения
|
| 610 |
1 |
|
|a алгебраические уравнения
|
| 610 |
1 |
|
|a методы исключения
|
| 610 |
1 |
|
|a итерационные методы
|
| 610 |
1 |
|
|a метод Ньютона
|
| 675 |
|
|
|a 519.612
|z rus
|v 4
|
| 700 |
|
1 |
|a Крылов
|b В. И.
|g Владимир Иванович
|4 070
|
| 701 |
|
1 |
|a Бобков
|b В. В.
|g Владимир Васильевич
|
| 701 |
|
1 |
|a Монастырный
|b П. И.
|g Петр Ильич
|
| 801 |
|
0 |
|a RU
|b RuMRKP
|c 19950704
|g psbo
|
| 801 |
|
1 |
|a RU
|b 63413507
|c 20150218
|
| 801 |
|
2 |
|a RU
|b 63413507
|c 20170530
|g RCR
|
| 942 |
|
|
|c BK
|